[Event "GER-chB Seniors 26th"]
[Site "Bad Neuenahr"]
[Date "2014.08.11"]
[Round "7"]
[White "Fischer, Semen"]
[Black "Wawrinsky, Ludwig"]
[Result "0-1"]
[WhiteElo "1562"]
[BlackElo "1830"]
[PlyCount "62"]
[EventDate "2014.08.05"]
[EventType "swiss"]
[EventRounds "9"]
[EventCountry "GER"]
[SourceTitle "EXT 2018"]
[Source "ChessBase"]
[SourceDate "2017.10.13"]
[SourceVersion "1"]
[SourceVersionDate "2017.10.13"]
[SourceQuality "1"]

1. e4 e6 2. d4 b6 3. c4 Bb7 4. Nc3 Bb4 5. d5 Bxc3+ 6. bxc3 d6 7. Nf3 e5 8. Bd2 Nd7 9. Ng5 Nc5 10. Qc2 Nf6 11. Bd3 0-0 12. f4 h6 13. fxe5 Ng4 14. Nf3 Nxe5 15. Nxe5 dxe5 16. 0-0 Qd6 17. Be3 Ba6 18. a4 Nb7 19. Rf3 Na5 20. Qe2 Bc8 21. Rg3 Nb7 22. Qh5 Kh7 23. Bf4 Qc5+ 24. Be3 Qe7 25. Rg5 f6 26. Rg6 Qf7 27. Rxh6+ gxh6 28. Qxh6+ Kg8 29. Rf1 Qh7 30. Rf3 Qxh6 31. Bxh6 Rf7 0-1

[Event "GER-chB Seniors 26th"]
[Site "Bad Neuenahr"]
[Date "2014.08.05"]
[Round "1"]
[White "Fischer, Semen"]
[Black "Grueneschild, Hildegard"]
[Result "1-0"]
[WhiteElo "1562"]
[BlackElo "1536"]
[PlyCount "57"]
[EventDate "2014.08.05"]
[EventType "swiss"]
[EventRounds "9"]
[EventCountry "GER"]
[SourceTitle "EXT 2018"]
[Source "ChessBase"]
[SourceDate "2017.10.13"]
[SourceVersion "1"]
[SourceVersionDate "2017.10.13"]
[SourceQuality "1"]

1. e4 c5 2. Nf3 d6 3. d4 cxd4 4. Nxd4 e6 5. f4 Nf6 6. Nc3 a6 7. Be2 Be7 8. e5 dxe5 9. fxe5 Nd5 10. 0-0 0-0 11. Bf3 Nxc3 12. bxc3 Qc7 13. Qe1 Bd7 14. Rb1 Nc6 15. Nxc6 Bxc6 16. Bxc6 Qxc6 17. Qg3 Bc5+ 18. Kh1 h6 19. Bxh6 g6 20. Bxf8 Rxf8 21. Qf3 Qc7 22. Rxb7 Qxe5 23. Rxf7 Qb8 24. Qf6 Rxf7 25. Qxf7+ Kh8 26. Qf6+ Kg8 27. Qxe6+ Kg7 28. Rf7+ Kh8 29. Qf6+ 1-0

[Event "GER-ch Seniors 23rd"]
[Site "Halle"]
[Date "2011.08.12"]
[Round "8"]
[White "Fischer, Semen"]
[Black "Luda, Michael"]
[Result "1-0"]
[WhiteElo "1941"]
[BlackElo "1767"]
[PlyCount "100"]
[EventDate "2011.08.05"]
[EventType "swiss"]
[EventRounds "9"]
[EventCountry "GER"]
[SourceTitle "CBM 144 Extra"]
[Source "ChessBase"]
[SourceDate "2011.10.28"]
[SourceVersion "1"]
[SourceVersionDate "2011.10.28"]
[SourceQuality "1"]

1. Nc3 d5 2. d4 c6 3. Bf4 Nf6 4. e3 g6 5. h3 Bg7 6. Bd3 0-0 7. Qf3 b5 8. a3 a5 9. b3 Ba6 10. Nge2 Nbd7 11. g4 Ne8 12. Qg3 e6 13. 0-0 c5 14. Bxb5 cxd4 15. exd4 g5 16. Bd6 Nxd6 17. Qxd6 Bxb5 18. Nxb5 Rb8 19. Nbc3 Rb6 20. Qg3 Rc6 21. Rad1 Re8 22. f4 Bf8 23. fxg5 Qxg5 24. Qf4 Qg6 25. a4 Bd6 26. Qf3 Rec8 27. Nb5 Bb8 28. c3 f6 29. Nf4 Qc2 30. Rb1 Kh8 31. Qd3 Qxd3 32. Nxd3 Rg8 33. Kh1 e5 34. dxe5 fxe5 35. Rbe1 Rg7 36. Rf5 Rh6 37. Kg2 Rhg6 38. c4 dxc4 39. bxc4 Rc6 40. Nb2 Kg8 41. Kf3 Nf6 42. Rd1 e4+ 43. Kg2 Rd7 44. Rxd7 Nxd7 45. Rd5 e3 46. Rxd7 Bf4 47. Kf3 Rf6 48. Ke2 Rh6 49. Nd3 Bg5 50. Rd5 Rg6 1-0

[Event "GER-ch Seniors 23rd"]
[Site "Halle"]
[Date "2011.08.11"]
[Round "7"]
[White "Rudolph, Juergen"]
[Black "Fischer, Semen"]
[Result "1-0"]
[WhiteElo "1813"]
[BlackElo "1941"]
[PlyCount "111"]
[EventDate "2011.08.05"]
[EventType "swiss"]
[EventRounds "9"]
[EventCountry "GER"]
[SourceTitle "CBM 144 Extra"]
[Source "ChessBase"]
[SourceDate "2011.10.28"]
[SourceVersion "1"]
[SourceVersionDate "2011.10.28"]
[SourceQuality "1"]

1. b3 e5 2. e3 Nf6 3. Bb2 Nc6 4. c4 e4 5. d3 Bb4+ 6. Bc3 d6 7. a3 Bxc3+ 8. Nxc3 Bg4 9. Be2 Bxe2 10. Ngxe2 exd3 11. Qxd3 Ne5 12. Qc2 Nfg4 13. h3 Qh4 14. Nd1 0-0 15. Ng3 Nh6 16. Qe4 Qxe4 17. Nxe4 f5 18. Ng5 Nd3+ 19. Ke2 Nc5 20. b4 Na4 21. Re1 Rae8 22. Kf1 f4 23. Ra2 Rf5 24. Nf3 Nf7 25. Rae2 Kf8 26. Nd4 Rf6 27. exf4 Rxe2 28. Rxe2 Nd8 29. g3 c5 30. Nb5 a6 31. Nbc3 Nxc3 32. Nxc3 cxb4 33. axb4 Nc6 34. Nd5 Rf7 35. Rc2 Ke8 36. b5 axb5 37. cxb5 Nd4 38. Rc8+ Kd7 39. Rc7+ Ke6 40. Rxf7 Kxf7 41. Nc3 Ke6 42. Ke1 Kd7 43. Kd2 Ne6 44. Ke3 Nc7 45. Kd4 Ne6+ 46. Kc4 Nc7 47. Nd5 Ne6 48. f5 Ng5 49. f6 gxf6 50. Nxf6+ Ke6 51. h4 Kxf6 52. hxg5+ Ke6 53. Kd3 b6 54. f4 Kf5 55. Kd4 Ke6 56. g4 1-0

[Event "GER-ch Seniors 23rd"]
[Site "Halle"]
[Date "2011.08.09"]
[Round "5"]
[White "Ulrich, Gert"]
[Black "Fischer, Semen"]
[Result "1-0"]
[WhiteElo "1738"]
[BlackElo "1941"]
[PlyCount "83"]
[EventDate "2011.08.05"]
[EventType "swiss"]
[EventRounds "9"]
[EventCountry "GER"]
[SourceTitle "CBM 144 Extra"]
[Source "ChessBase"]
[SourceDate "2011.10.28"]
[SourceVersion "1"]
[SourceVersionDate "2011.10.28"]
[SourceQuality "1"]

1. d4 f5 2. e4 fxe4 3. Nc3 Nf6 4. Bg5 c6 5. Bxf6 exf6 6. Nxe4 d5 7. Ng3 Qb6 8. Qe2+ Kf7 9. c3 Ba3 10. 0-0-0 Re8 11. Qc2 Bd6 12. Qxh7 Bf4+ 13. Kb1 Bh6 14. Bd3 Ke7 15. Nf3 Kd6 16. Nh4 Qd8 17. Nhf5+ Kc7 18. Nxh6 Re7 19. Ngf5 Rf7 20. Qg6 Qf8 21. Rhe1 Na6 22. Re3 Bd7 23. Rde1 c5 24. Re7 Rxe7 25. Rxe7 c4 26. Bc2 b5 27. Qxg7 Qxg7 28. Rxg7 b4 29. Ba4 Nb8 30. Bxd7 Nxd7 31. cxb4 Rb8 32. a3 a5 33. Ne3 Kd6 34. Nhf5+ Kc6 35. Ne7+ Kd6 36. N7xd5 axb4 37. Nxb4 Nb6 38. h4 Ke6 39. h5 Ra8 40. g4 Rc8 41. Nf5 c3 42. Re7# 1-0

[Event "GER-ch Seniors 22nd"]
[Site "Berlin"]
[Date "2010.08.20"]
[Round "5"]
[White "Fischer, Semen"]
[Black "Rollwitz, Juergen"]
[Result "1/2-1/2"]
[WhiteElo "1678"]
[BlackElo "1819"]
[PlyCount "65"]
[EventDate "2010.08.16"]
[EventType "swiss"]
[EventRounds "9"]
[EventCountry "GER"]
[SourceTitle "CBM 138 Extra"]
[Source "ChessBase"]
[SourceDate "2010.10.29"]
[SourceVersion "1"]
[SourceVersionDate "2010.10.29"]
[SourceQuality "1"]

1. Nc3 d6 2. d4 Nf6 3. h3 e5 4. dxe5 dxe5 5. Qxd8+ Kxd8 6. Bg5 Be6 7. 0-0-0+ Nbd7 8. Nf3 Kc8 9. e3 c6 10. a3 Kc7 11. Bd3 h6 12. Bh4 Bd6 13. Ne4 Nxe4 14. Bxe4 Nc5 15. Nd2 f6 16. Bf3 Rad8 17. Ne4 Nxe4 18. Bxe4 Rd7 19. Bg3 Rhd8 20. Bd3 f5 21. f3 g5 22. Be1 Bc5 23. Bd2 e4 24. fxe4 fxe4 25. Bxe4 Rxd2 26. Rxd2 Bxe3 27. Bd3 Bd5 28. Kd1 Bxd2 29. Kxd2 Bxg2 30. Rh2 Be4 31. Ke3 Bxd3 32. cxd3 Kd6 33. Rf2 1/2-1/2

[Event "Niedersachsen-ch Seniors op 13th"]
[Site "Bad Bevensen"]
[Date "2010.07.12"]
[Round "7"]
[White "Skworzvov, Igor"]
[Black "Fischer, Semen"]
[Result "1-0"]
[WhiteElo "1737"]
[BlackElo "1648"]
[PlyCount "87"]
[EventDate "2010.07.06"]
[EventType "swiss"]
[EventRounds "9"]
[EventCountry "GER"]
[SourceTitle "EXT 2012"]
[Source "ChessBase"]
[SourceDate "2011.11.24"]
[SourceVersion "1"]
[SourceVersionDate "2011.11.24"]
[SourceQuality "1"]

1. e4 c5 2. Nf3 Nf6 3. Nc3 d5 4. Bb5+ Bd7 5. Bxd7+ Qxd7 6. exd5 Nxd5 7. Nxd5 Qxd5 8. 0-0 e6 9. b3 Be7 10. Bb2 0-0 11. Re1 Nd7 12. Qe2 Bf6 13. Bxf6 Nxf6 14. Rad1 b6 15. d4 Qh5 16. dxc5 Qxc5 17. c4 Rfd8 18. Nd2 Qe7 19. Nf3 Rxd1 20. Rxd1 Rd8 21. Ne5 Rd6 22. Qf3 h6 23. h3 Ne8 24. Nc6 Rxd1+ 25. Qxd1 Qc7 26. Qf3 a5 27. Nd4 e5 28. Nf5 Kh7 29. Qd3 g6 30. Ne3 Kg7 31. Nd5 Qd6 32. Qe3 f6 33. Nxb6 Qa3 34. Qd2 Nd6 35. g4 Ne4 36. Qc2 f5 37. Qe2 Kf6 38. Nd5+ Ke6 39. Kg2 Nd6 40. gxf5+ gxf5 41. Qe3 e4 42. Qxh6+ Kf7 43. Qh7+ Kf8 44. Qe7+ 1-0

[Event "Berlin op 07"]
[Site "Berlin"]
[Date "2009.07.19"]
[Round "2"]
[White "Fischer, Semen"]
[Black "Jahnz, Fabian"]
[Result "0-1"]
[WhiteElo "1999"]
[BlackElo "2191"]
[PlyCount "82"]
[EventDate "2009.07.18"]
[EventType "swiss"]
[EventRounds "9"]
[EventCountry "GER"]
[SourceTitle "CBM 131 Extra"]
[Source "ChessBase"]
[SourceDate "2009.09.03"]
[SourceVersion "2"]
[SourceVersionDate "2009.09.16"]
[SourceQuality "1"]

1. Nc3 c5 2. e4 e6 3. Bc4 Nc6 4. a3 Nf6 5. d3 a6 6. Bf4 d5 7. Ba2 Be7 8. h3 0-0 9. Nge2 b5 10. 0-0 dxe4 11. Nxe4 Nd5 12. Bh2 Kh8 13. Qd2 Nd4 14. Nf4 Bb7 15. Ne2 Nb6 16. Nxd4 Qxd4 17. Qc3 Bxe4 18. Qxd4 cxd4 19. dxe4 Na4 20. Rab1 Rac8 21. Bb3 Nc5 22. Rfd1 Rfd8 23. Be5 d3 24. Bc3 Nxe4 25. Rxd3 Rxd3 26. cxd3 Nxc3 27. bxc3 Rxc3 28. a4 Rxd3 29. axb5 axb5 30. Bc2 Rd5 31. Be4 Re5 32. Ra1 g6 33. f3 b4 34. Kf1 Kg7 35. Bc6 Bh4 36. Be4 b3 37. Rb1 f5 38. Bd3 Bg3 39. Be2 Re3 40. Bc4 b2 41. Be2 Rc3 0-1

[Event "GER-ch Seniors-A 20th"]
[Site "Erfurt"]
[Date "2008.08.13"]
[Round "9"]
[White "Just, Joachim"]
[Black "Fischer, Semen"]
[Result "1-0"]
[WhiteElo "1928"]
[BlackElo "1784"]
[PlyCount "99"]
[EventDate "2008.08.05"]
[EventType "swiss"]
[EventRounds "9"]
[EventCountry "GER"]
[SourceTitle "CBM 126 Extra"]
[Source "ChessBase"]
[SourceDate "2008.11.05"]
[SourceVersion "1"]
[SourceVersionDate "2008.11.05"]
[SourceQuality "1"]

1. e4 c5 2. c3 e5 3. d4 d6 4. dxe5 dxe5 5. Qxd8+ Kxd8 6. Nf3 Nc6 7. Bb5 Nge7 8. Be3 b6 9. Ng5 Be6 10. Nxe6+ fxe6 11. Bc4 Kc7 12. Bxe6 Ng6 13. Na3 Nf4 14. Bxf4 exf4 15. Bd5 Rd8 16. Bxc6 Kxc6 17. Ke2 b5 18. Rad1 Be7 19. c4 a6 20. b3 Bf6 21. Rd5 Bb2 22. Nc2 Rd6 23. Rxd6+ Kxd6 24. Rd1+ Kc6 25. Rd5 Re8 26. Kf3 Be5 27. cxb5+ axb5 28. Ne1 Bd4 29. Nd3 Rf8 30. e5 g5 31. Rd6+ Kc7 32. Ra6 Kb7 33. Rh6 Ra8 34. Rxh7+ Kc6 35. Ke4 Rxa2 36. Rh6+ Kd7 37. Kd5 Bxf2 38. Rh7+ Kd8 39. e6 Bd4 40. Rf7 Ke8 41. Rb7 Bg1 42. Ne5 Rd2+ 43. Ke4 Rxg2 44. Nc6 Re2+ 45. Kf5 Kf8 46. Ne5 Bd4 47. Ng6+ Kg8 48. Rb8+ Kg7 49. e7 f3 50. e8Q 1-0

[Event "Berlin-ch Seniors op 24th"]
[Site "Berlin"]
[Date "2008.02.29"]
[Round "9"]
[White "Fischer, Semen"]
[Black "Schroeder, Wolfgang1111"]
[Result "1-0"]
[WhiteElo "1717"]
[BlackElo "1609"]
[PlyCount "123"]
[EventDate "2008.02.21"]
[EventType "swiss"]
[EventRounds "9"]
[EventCountry "GER"]
[SourceTitle "EXT 2022"]
[Source "ChessBase"]
[SourceDate "2021.10.06"]
[SourceVersion "1"]
[SourceVersionDate "2021.10.06"]
[SourceQuality "1"]

1. Nc3 Nf6 2. e4 e5 3. Bc4 c6 4. d3 Be7 5. Bg5 b5 6. Bb3 b4 7. Nce2 d6 8. f4 Ng4 9. Qd2 Bxg5 10. fxg5 Qb6 11. Ng3 Be6 12. Qe2 Bxb3 13. axb3 Qe3 14. Nf3 Qc5 15. h3 Ne3 16. Rc1 d5 17. Nxe5 d4 18. Nf3 Nd7 19. h4 a5 20. Qd2 Ne5 21. c3 Nxf3+ 22. gxf3 Qe5 23. Ne2 bxc3 24. bxc3 c5 25. f4 Qd6 26. Kf2 a4 27. cxd4 cxd4 28. Qb2 axb3 29. Qxd4 Qxd4 30. Nxd4 Ng4+ 31. Kf3 h5 32. Nxb3 0-0 33. Ra1 Rab8 34. Rab1 Rfc8 35. Nd2 Ra8 36. Rhc1 Rd8 37. Rc3 Ra2 38. Ke2 g6 39. Rbc1 Kg7 40. R1c2 Ra1 41. Nf3 Rda8 42. d4 Rh1 43. d5 Raa1 44. d6 Rhf1 45. Nd4 Rf2+ 46. Kd3 Rd1+ 47. Kc4 Rxc2 48. Rxc2 Ne3+ 49. Kc5 Nxc2 50. Nxc2 Kf8 51. Nb4 Ke8 52. Nc6 Rc1+ 53. Kd5 Rd1+ 54. Nd4 Kd7 55. e5 Rd3 56. Ke4 Rh3 57. f5 Rxh4+ 58. Kd5 gxf5 59. Nxf5 Rg4 60. Nh6 Ra4 61. Nxf7 Ra5+ 62. Ke4 1-0

[Event "Berlin-ch Seniors op 24th"]
[Site "Berlin"]
[Date "2008.02.27"]
[Round "7"]
[White "Fischer, Semen"]
[Black "Koeckeritz, Dieter"]
[Result "0-1"]
[WhiteElo "1717"]
[BlackElo "1607"]
[PlyCount "94"]
[EventDate "2008.02.21"]
[EventType "swiss"]
[EventRounds "9"]
[EventCountry "GER"]
[SourceTitle "EXT 2022"]
[Source "ChessBase"]
[SourceDate "2021.10.06"]
[SourceVersion "1"]
[SourceVersionDate "2021.10.06"]
[SourceQuality "1"]

1. Nc3 d5 2. d4 Nf6 3. Bg5 e6 4. e3 Be7 5. Bd3 Nbd7 6. h3 c5 7. dxc5 Nxc5 8. Bb5+ Bd7 9. Bf4 a6 10. Bxd7+ Ncxd7 11. Nge2 0-0 12. 0-0 b5 13. a3 Qb6 14. Bh2 Rfd8 15. Nd4 Bd6 16. Bxd6 Qxd6 17. Qf3 Rac8 18. Nce2 Ne4 19. Rfd1 Qe7 20. c3 Ne5 21. Qf4 Ng6 22. Qh2 Qf6 23. f3 Nd6 24. Rab1 Nc4 25. Kf2 Qg5 26. f4 Qf6 27. g3 e5 28. Nf3 Qb6 29. Nfd4 exd4 30. exd4 Re8 31. Qh1 Qe6 32. Ng1 Qe3+ 33. Kg2 Qe6 34. Kh2 Qf5 35. Qf3 Re3 36. Qf2 Rce8 37. Kg2 Qe4+ 38. Kf1 h5 39. f5 Ne7 40. Qf4 Qxf4+ 41. gxf4 Nxf5 42. Kf2 R8e4 43. Re1 Rxf4+ 44. Kg2 Nh4+ 45. Kh2 Rf2+ 46. Kh1 Nd2 47. Rbc1 Rg3 0-1

[Event "Berlin-ch Seniors op 24th"]
[Site "Berlin"]
[Date "2008.02.21"]
[Round "1"]
[White "Fischer, Semen"]
[Black "Kos, Ivan"]
[Result "1-0"]
[WhiteElo "1717"]
[BlackElo "1403"]
[PlyCount "89"]
[EventDate "2008.02.21"]
[EventType "swiss"]
[EventRounds "9"]
[EventCountry "GER"]
[SourceTitle "EXT 2022"]
[Source "ChessBase"]
[SourceDate "2021.10.06"]
[SourceVersion "1"]
[SourceVersionDate "2021.10.06"]
[SourceQuality "1"]

1. Nc3 Nf6 2. d4 e6 3. e4 Bb4 4. Bg5 Be7 5. Qd2 b6 6. Bd3 Bb7 7. f3 d5 8. Nge2 Nbd7 9. 0-0 h6 10. Bf4 g5 11. Bg3 Nh5 12. Bf2 c6 13. g4 Ng7 14. e5 Qc7 15. Bg3 0-0-0 16. f4 Rdf8 17. f5 Bb4 18. a3 Bxc3 19. bxc3 Qd8 20. c4 Nb8 21. a4 Ne8 22. a5 h5 23. axb6 axb6 24. fxe6 fxe6 25. gxh5 Rxf1+ 26. Rxf1 Qe7 27. Bg6 Nd7 28. Rf7 Qd8 29. Qb4 c5 30. dxc5 bxc5 31. Qb3 d4 32. Qd3 Qa5 33. Be4 Qa1+ 34. Rf1 Qa8 35. Bxb7+ Qxb7 36. c3 Qb3 37. Rb1 Qa3 38. Qc2 Rxh5 39. cxd4 Qe3+ 40. Kg2 g4 41. Rb3 Qh6 42. Qe4 Rf5 43. Qa8+ Kc7 44. Rb7+ Kc6 45. Qc8+ 1-0

[Event "GER-ch Seniors Gp-A 19th"]
[Site "Templin"]
[Date "2007.08.29"]
[Round "7"]
[White "Fischer, Semen"]
[Black "Wulf, Adalbert"]
[Result "0-1"]
[WhiteElo "1736"]
[BlackElo "1830"]
[PlyCount "78"]
[EventDate "2007.08.23"]
[EventType "swiss"]
[EventRounds "9"]
[EventCountry "GER"]
[SourceTitle "EXT 2022"]
[Source "ChessBase"]
[SourceDate "2021.10.06"]
[SourceVersion "1"]
[SourceVersionDate "2021.10.06"]
[SourceQuality "1"]

1. Nc3 c5 2. e4 d6 3. Bc4 Nf6 4. d3 g6 5. Nge2 Bg7 6. h3 Nc6 7. a3 a6 8. Ng3 b5 9. Ba2 Bb7 10. 0-0 Qb6 11. Nd5 Qd8 12. c3 e6 13. Ne3 a5 14. f4 Qc7 15. Qe1 0-0 16. f5 exf5 17. exf5 Ne5 18. Qd2 d5 19. d4 cxd4 20. Qxd4 Nc4 21. Qf4 Qc6 22. Nxc4 dxc4 23. Qf2 Rae8 24. Bd2 Nd5 25. Rae1 Rxe1 26. Rxe1 Re8 27. Bb1 Rxe1+ 28. Bxe1 Nf6 29. Bd2 Bf8 30. Be3 g5 31. Bd4 h6 32. Bc2 Be7 33. Qe2 Bc5 34. Bxc5 Qxc5+ 35. Qf2 Qd5 36. Qe2 a4 37. Nf1 Nh5 38. Qf2 Nf4 39. Ne3 Nxh3+ 0-1

[Event "GER-ch Seniors Gp-A 19th"]
[Site "Templin"]
[Date "2007.08.26"]
[Round "4"]
[White "Minz, Michail"]
[Black "Fischer, Semen"]
[Result "1-0"]
[WhiteElo "2045"]
[BlackElo "1736"]
[PlyCount "85"]
[EventDate "2007.08.23"]
[EventType "swiss"]
[EventRounds "9"]
[EventCountry "GER"]
[SourceTitle "EXT 2022"]
[Source "ChessBase"]
[SourceDate "2021.10.06"]
[SourceVersion "1"]
[SourceVersionDate "2021.10.06"]
[SourceQuality "1"]

1. e4 c5 2. Nc3 Nc6 3. g3 g6 4. Bg2 Bg7 5. d3 d6 6. Be3 f5 7. f4 Nf6 8. Nf3 Ng4 9. Bg1 Qa5 10. Qd2 0-0 11. Nd1 Qxd2+ 12. Kxd2 e5 13. exf5 Rxf5 14. h3 Nh6 15. Ne3 Rf8 16. fxe5 Nxe5 17. Ng5 Bf6 18. Ne4 Rb8 19. Nd5 Bg7 20. Ne7+ Kh8 21. Nxc8 Rfxc8 22. g4 Rd8 23. Be3 b6 24. Rhf1 d5 25. Ng5 d4 26. Bf4 Re8 27. Rae1 Re7 28. Re2 Rbe8 29. Rfe1 Bf6 30. Ne4 Bg7 31. Bxh6 Bxh6+ 32. g5 Bg7 33. Nf6 Nc4+ 34. dxc4 Rxe2+ 35. Rxe2 Rxe2+ 36. Kxe2 Bf8 37. Bd5 h6 38. h4 Kg7 39. Kf3 Be7 40. Ke4 Bxf6 41. gxf6+ Kxf6 42. Kf4 Kg7 43. Ke5 1-0

[Event "Berlin Kreuzberg op"]
[Site "Berlin"]
[Date "2007.07.20"]
[Round "5"]
[White "Von Herman, Ulf"]
[Black "Fischer, Semen"]
[Result "1-0"]
[WhiteElo "2384"]
[BlackElo "1914"]
[PlyCount "55"]
[EventDate "2007.07.20"]
[EventType "swiss"]
[EventRounds "9"]
[EventCountry "GER"]
[SourceTitle "EXT 2008"]
[Source "ChessBase"]
[SourceDate "2007.11.25"]
[SourceVersion "1"]
[SourceVersionDate "2007.11.25"]
[SourceQuality "1"]

1. d4 f5 2. Bg5 Nf6 3. Bxf6 exf6 4. e3 d5 5. Bd3 g6 6. Qf3 Bg7 7. Ne2 0-0 8. h3 c6 9. Nd2 Nd7 10. c4 Nb6 11. Nf4 Bh6 12. g4 Bxf4 13. Qxf4 g5 14. Qf3 f4 15. c5 fxe3 16. fxe3 Na4 17. 0-0-0 b6 18. Bc2 b5 19. h4 Rf7 20. hxg5 fxg5 21. Bxh7+ Kf8 22. Qh3 Qf6 23. Rhf1 Qg7 24. Rxf7+ Kxf7 25. Rf1+ Ke7 26. Qg3 Kd8 27. Qd6+ Bd7 28. Rf8+ 1-0

[Event "Berlin-ch Seniors op 23rd"]
[Site "Berlin"]
[Date "2007.02.11"]
[Round "7"]
[White "Walter, Guenter1111"]
[Black "Fischer, Semen"]
[Result "1/2-1/2"]
[WhiteElo "1735"]
[BlackElo "1690"]
[PlyCount "42"]
[EventDate "2007.02.05"]
[EventType "swiss"]
[EventRounds "9"]
[EventCountry "GER"]
[SourceTitle "EXT 2022"]
[Source "ChessBase"]
[SourceDate "2021.10.06"]
[SourceVersion "1"]
[SourceVersionDate "2021.10.06"]
[SourceQuality "1"]

1. e4 c5 2. Nf3 Nf6 3. e5 Nd5 4. Nc3 Nc7 5. d4 e6 6. Be3 Nca6 7. a3 Be7 8. Bd3 cxd4 9. Bxd4 Nc5 10. Bxc5 Bxc5 11. Ne4 Be7 12. c4 d5 13. exd6 Bxd6 14. 0-0 Be7 15. Qc2 f5 16. Rad1 Bd7 17. Ne5 Qc8 18. Nxd7 Qxd7 19. Be2 Qc6 20. Ng3 0-0 21. Bf3 Qb6 1/2-1/2

[Event "Berlin-ch Seniors op 23rd"]
[Site "Berlin"]
[Date "2007.02.09"]
[Round "5"]
[White "Kohlstadt Erlebach, Paul"]
[Black "Fischer, Semen"]
[Result "1-0"]
[WhiteElo "1705"]
[BlackElo "1690"]
[PlyCount "81"]
[EventDate "2007.02.05"]
[EventType "swiss"]
[EventRounds "9"]
[EventCountry "GER"]
[SourceTitle "EXT 2022"]
[Source "ChessBase"]
[SourceDate "2021.10.06"]
[SourceVersion "1"]
[SourceVersionDate "2021.10.06"]
[SourceQuality "1"]

1. e4 c5 2. Nf3 Nf6 3. Nc3 d5 4. Bb5+ Bd7 5. Bxd7+ Qxd7 6. e5 Ng8 7. d4 Nc6 8. dxc5 e6 9. a3 Bxc5 10. Na4 Be7 11. Nc3 Bd8 12. Qe2 Nge7 13. Bf4 Ng6 14. Bg3 Ba5 15. b4 Nxb4 16. axb4 Bxb4 17. 0-0 Bxc3 18. Ra3 Bb4 19. Rb3 Bc5 20. Rd1 0-0 21. c4 b6 22. cxd5 exd5 23. Rbd3 Ne7 24. Bh4 f6 25. exf6 gxf6 26. Nd2 Ng6 27. Ne4 Nxh4 28. Rxd5 Qg7 29. Ng3 Rae8 30. Qc4 Kh8 31. Qxh4 Rf7 32. Nf5 Qg5 33. Qh3 Qf4 34. Ne3 Bxe3 35. fxe3 Qxe3+ 36. Qxe3 Rxe3 37. Rd8+ Kg7 38. R1d4 f5 39. Kf2 Rfe7 40. R4d7 Kf7 41. Rd6 1-0

[Event "Berlin-ch Seniors op 23rd"]
[Site "Berlin"]
[Date "2007.02.07"]
[Round "3"]
[White "Zschaebitz, Klaus"]
[Black "Fischer, Semen"]
[Result "1-0"]
[WhiteElo "1990"]
[BlackElo "1690"]
[PlyCount "63"]
[EventDate "2007.02.05"]
[EventType "swiss"]
[EventRounds "9"]
[EventCountry "GER"]
[SourceTitle "EXT 2022"]
[Source "ChessBase"]
[SourceDate "2021.10.06"]
[SourceVersion "1"]
[SourceVersionDate "2021.10.06"]
[SourceQuality "1"]

1. d4 f5 2. Bg5 d5 3. e3 Qd6 4. c3 Nf6 5. Bf4 Qb6 6. Qb3 Bd7 7. Nd2 e6 8. Qxb6 cxb6 9. Bd3 Nh5 10. Bc7 Nc6 11. Be2 Nf6 12. Bf4 Be7 13. h3 0-0 14. Ngf3 Nh5 15. Ne5 Nxe5 16. Bxe5 Nf6 17. g4 Ne8 18. gxf5 Rxf5 19. Bg4 Rf8 20. f4 Nf6 21. Be2 Be8 22. c4 Rc8 23. a3 Nd7 24. Bg4 Kf7 25. cxd5 exd5 26. Kd1 Rc6 27. Bf3 Nxe5 28. Bxd5+ Kg6 29. dxe5 Rc7 30. Ke2 Bb5+ 31. Kf3 Rc2 32. Be4+ 1-0

[Event "Berlin-ch Seniors op 23rd"]
[Site "Berlin"]
[Date "2007.02.06"]
[Round "2"]
[White "Fischer, Semen"]
[Black "Albinus, Guenter"]
[Result "1/2-1/2"]
[WhiteElo "1690"]
[BlackElo "1838"]
[PlyCount "36"]
[EventDate "2007.02.05"]
[EventType "swiss"]
[EventRounds "9"]
[EventCountry "GER"]
[SourceTitle "EXT 2022"]
[Source "ChessBase"]
[SourceDate "2021.10.06"]
[SourceVersion "1"]
[SourceVersionDate "2021.10.06"]
[SourceQuality "1"]

1. Nc3 Nf6 2. d4 d5 3. Bf4 c6 4. h3 Bf5 5. e3 Nbd7 6. Bd3 Bg6 7. Nge2 e6 8. Ng3 Be7 9. e4 dxe4 10. Ncxe4 c5 11. Nd6+ Bxd6 12. Bxd6 Qa5+ 13. Qd2 Qxd2+ 14. Kxd2 cxd4 15. Bb5 Ne4+ 16. Nxe4 Bxe4 17. Be5 f6 18. Bxd4 Ke7 1/2-1/2

[Event "Bad Griesbach Seniors op 08th"]
[Site "Bad Griesbach"]
[Date "2005.12.06"]
[Round "3"]
[White "Jurgan, Brigitte"]
[Black "Fischer, Semen"]
[Result "0-1"]
[WhiteElo "1200"]
[BlackElo "1687"]
[PlyCount "38"]
[EventDate "2005.12.04"]
[EventType "swiss"]
[EventRounds "9"]
[EventCountry "GER"]
[SourceTitle "EXT 2015"]
[Source "ChessBase"]
[SourceDate "2014.11.20"]
[SourceVersion "1"]
[SourceVersionDate "2014.11.20"]
[SourceQuality "1"]

1. d4 f5 2. e3 Nf6 3. Nc3 e6 4. a3 Be7 5. Nf3 d5 6. b4 c6 7. g3 0-0 8. Bg2 Ne4 9. Nxe4 fxe4 10. Ne5 Nd7 11. Nxd7 Qxd7 12. 0-0 Qe8 13. f3 exf3 14. Bxf3 Bf6 15. Bb2 b6 16. Rf2 Bg5 17. Bc1 e5 18. e4 Bf6 19. c4 Be6 0-1